000
00338 a2200169 4500
001
176894
020
_a
85-08-05906-X
040
_c
Magnum
100
_a
França, Mary
240
1
0
_a
A casa feia
_l
por
245
1
0
_a
A casa feia
300
_a
12
362
0
_a
1997
440
1
_a
Ática
697
_a
LITERATURA INFANTIL
942
_c
BK
999
_c
176894
_d
176894